000
00284nam a2200109Ia 4500
008
200302s9999 xx 000 0 und d
100
_a
Faculty of Architecture
245
_a
Campus History Cross Sections
260
_b
Cept University Press Ahmedabad
260
_c
2012
300
_a
58 P.,
999
_c
3211
_d
3211